Managerial accounting concepts for planning, control, decision making (Record no. 32222)

MARC details
000 -LEADER
fixed length control field 00418nam a2200157Ia 4500
020 ## - INTERNATIONAL STANDARD BOOK NUMBER
ISBN 0- 256- 02209- 7
050 ## - CALL MARK
Classification number HF 5635 .G26/
100 ## - STATEMENT OF RESPONSIBILITY--MAIN AUTHOR NAME
Personal name Ray H. Garrison
245 #0 - TITLE STATEMENT
Title Managerial accounting concepts for planning, control, decision making
260 ## - PUBLICATION, DISTRIBUTION, ETC. (IMPRINT)
Name of publisher Business publications
260 ## - PUBLICATION, DISTRIBUTION, ETC. (IMPRINT)
Year of publication 1979
300 ## - PHYSICAL DESCRIPTION
Number of Pages 730 p
942 ## - ADDED ENTRY ELEMENTS (KOHA)
Koha item type Books
Holdings
Withdrawn status Lost status Source of classification or shelving scheme Damaged status Not for loan Permanent Location Current Location Date acquired Accession Number Price effective from Koha item type
    Library of Congress Classification     NILE UNIVERSITY OF NIGERIA - MAIN LIBRARY NILE UNIVERSITY OF NIGERIA - MAIN LIBRARY 04/23/2025 0004039 04/23/2025 Books